General Science for High school / (Record no. 10271)

MARC details
000 -LEADER
fixed length control field 00604nam a22002057a 4500
003 - CONTROL NUMBER IDENTIFIER
control field OSt
005 - DATE AND TIME OF LATEST TRANSACTION
control field 20260506013757.0
008 - FIXED-LENGTH DATA ELEMENTS--GENERAL INFORMATION
fixed length control field 260506b |||||||| |||| 00| 0 eng d
040 ## - CATALOGING SOURCE
Original cataloging agency DWCL-Main lib
Transcribing agency OC
082 ## - DEWEY DECIMAL CLASSIFICATION NUMBER
Classification number Circ. 500 P166
100 ## - MAIN ENTRY--PERSONAL NAME
Personal name Painter, Donald H.
245 ## - TITLE STATEMENT
Title General Science for High school /
Statement of responsibility, etc. Donald H. Painter
260 ## - PUBLICATION, DISTRIBUTION, ETC.
Place of publication, distribution, etc. Chicago :
Name of publisher, distributor, etc. Mentzer, Bush and Company,
Date of publication, distribution, etc. c1950.
300 ## - PHYSICAL DESCRIPTION
Extent xii, 756 p. :
Other physical details ill. ;
Dimensions 21 cm.
504 ## - BIBLIOGRAPHY, ETC. NOTE
Bibliography, etc. note 1.Includes Index.
504 ## - BIBLIOGRAPHY, ETC. NOTE
Bibliography, etc. note 2.Glossary.
650 ## - SUBJECT ADDED ENTRY--TOPICAL TERM
Topical term or geographic name entry element 1.Science
700 ## - ADDED ENTRY--PERSONAL NAME
Personal name Skewes, George J.
Relator term Author
942 ## - ADDED ENTRY ELEMENTS (KOHA)
Source of classification or shelving scheme Dewey Decimal Classification
Koha item type Book Circulation
Call number suffix Circ.
Suppress in OPAC No
952 ## - LOCATION AND ITEM INFORMATION (KOHA)
--
Holdings
Withdrawn status Lost status Source of classification or shelving scheme Damaged status Not for loan Home library Current library Shelving location Date acquired Source of acquisition Total Checkouts Full call number Barcode Date last seen Price effective from Koha item type Uniform Resource Identifier
    Dewey Decimal Classification     Junior High School Library Junior High School Library Circulation 04/02/1965 Library Fund   Circ. 500 P166 JHS - 263 05/06/2026 05/06/2026 BK-CIRC